书目信息 |
| 题名: |
业务驱动型信息系统
|
|
| 作者: | 巴尔赞 著 ;彭剑 译 | |
| 分册: | ||
| 出版信息: | 北京 清华大学出版社 2025.04 |
|
| 页数: | 12,377页 | |
| 开本: | 26cm | |
| 丛书名: | ||
| 单 册: | ||
| 中图分类: | G202 | |
| 科图分类: | ||
| 主题词: | 信息系统 | |
| 电子资源: | ||
| ISBN: | 978-7-302-68260-8 | |
| 000 | 01138nam0 2200277 450 | |
| 001 | 013623242 | |
| 005 | 20251022185708.43 | |
| 010 | @a978-7-302-68260-8@dCNY108.00 | |
| 100 | @a20250523d2025 em y0chiy0120 ea | |
| 101 | 1 | @achi@ceng |
| 102 | @aCN@b110000 | |
| 105 | @aa z 000yy | |
| 106 | @ar | |
| 200 | 1 | @a业务驱动型信息系统@9ye wu qu dong xing xin xi xi tong@dBusiness driven information systems@f(美)佩吉·巴尔赞(Paige Baltzan)著@g彭剑译@zeng |
| 210 | @a北京@c清华大学出版社@d2025.04 | |
| 215 | @a12,377页@c图@d26cm | |
| 305 | @a据原书第8版译出 | |
| 305 | @a翻译版权由麦格劳-希尔教育(新加坡)有限公司与清华大学出版社有限公司所有 | |
| 330 | @a本书以“商业价值”为核心,深入剖析信息系统如何赋能企业决策、优化运营并驱动创新。从数据管理到网络安全,从电子商务到商业智能,全书以真实案例为脉络,结合前沿理论与实战工具,助力读者构建技术与商业双向思维。 | |
| 510 | 1 | @aBusiness driven information systems@zeng |
| 606 | 0 | @a信息系统 |
| 690 | @aG202@v5 | |
| 701 | 0 | @c(美)@a巴尔赞@9ba er zan@c(Baltzan, Paige)@4著 |
| 702 | 0 | @a彭剑@9peng jian@4译 |
| 801 | 0 | @aCN@c20250910 |
| 905 | @a河南城建学院图书馆@dG202@eB029@ZB029@f1 | |
| 业务驱动型信息系统=Business driven information systems/(美)佩吉·巴尔赞(Paige Baltzan)著/彭剑译.-北京:清华大学出版社,2025.04 |
| 12,377页:图;26cm |
| ISBN 978-7-302-68260-8:CNY108.00 |
| 本书以“商业价值”为核心,深入剖析信息系统如何赋能企业决策、优化运营并驱动创新。从数据管理到网络安全,从电子商务到商业智能,全书以真实案例为脉络,结合前沿理论与实战工具,助力读者构建技术与商业双向思维。 |
| ● |
| 相关链接 |
|
|
|
正题名:业务驱动型信息系统
索取号:G202/B029
 
预约/预借
| 序号 | 登录号 | 条形码 | 馆藏地/架位号 | 状态 | 备注 |
| 1 | 1634341 | 216343419 | 社科库409/409社科库 56排6列4层/ [索取号:G202/B029] | 在馆 |